000 00319nam a22001457a 4500
999 _c161949
_d161949
082 _a
_b
100 _aJohn Lyons
245 _aIntroduction to theoretical linguistics/
_cby John Lyons.
260 _aNew Delhi:
_bcambridge,
_c1992.
300 _a517p.
600 _a
650 _a
700 _a
942 _cBK